Drama und Theater. (Record no. 6690)
[ view plain ]
| 000 -LEADER | |
|---|---|
| fixed length control field | 00600cam a22002171 4500 |
| 001 - CONTROL NUMBER | |
| control field | af 49000670 |
| 003 - CONTROL NUMBER IDENTIFIER | |
| control field | DLC |
| 005 - DATE AND TIME OF LATEST TRANSACTION | |
| control field | 20260227110916.0 |
| 008 - FIXED-LENGTH DATA ELEMENTS--GENERAL INFORMATION | |
| fixed length control field | 780131s1946 gw 000 0 ger c |
| 010 ## - LIBRARY OF CONGRESS CONTROL NUMBER | |
| LC control number | af 49000670 //r96 |
| 015 ## - NATIONAL BIBLIOGRAPHY NUMBER | |
| National bibliography number | af49-670* |
| 040 ## - CATALOGING SOURCE | |
| Original cataloging agency | Yale Univ. Library |
| Transcribing agency | DLC |
| Modifying agency | DLC |
| 050 00 - LIBRARY OF CONGRESS CALL NUMBER | |
| Classification number | PN1631 |
| Item number | .K8 |
| 100 1# - MAIN ENTRY--PERSONAL NAME | |
| Personal name | Kutscher, Artur, |
| Dates associated with a name | 1878- |
| 245 10 - TITLE STATEMENT | |
| Title | Drama und Theater. |
| 260 ## - PUBLICATION, DISTRIBUTION, ETC. | |
| Place of publication, distribution, etc. | München, |
| Name of publisher, distributor, etc. | Drei Fichten Verlag |
| Date of publication, distribution, etc. | [c1946] |
| 300 ## - PHYSICAL DESCRIPTION | |
| Extent | 32 p. |
| Dimensions | 21 cm. |
| 440 #0 - SERIES STATEMENT/ADDED ENTRY--TITLE | |
| Title | "Geistiges München," kulturelle und akademische Schriften, 5. |
| Volume/sequential designation | Heft |
| 650 #0 - SUBJECT ADDED ENTRY--TOPICAL TERM | |
| Topical term or geographic name entry element | Drama. |
| 650 #0 - SUBJECT ADDED ENTRY--TOPICAL TERM | |
| Topical term or geographic name entry element | Mime. |
No items available.